00542nam a22001575i 4500001000700000003000900007005001700016008004100033040002700074100003100101245007100132260005700203300004300260650003000303852005100333167219ES-MaACL20250815062611.0960320s1826 sp |||| | spa d aCLM bspa cCCPB | SIC1 aVerdejo Páez, Francisco.10aElementos de historia universal... / cpor Francisco Verdejo Paez. aMadrid : b[s.n.], c1826 (fImprenta de Repullés) a2 v. (CXXVIII, 238; 427 p.) ; c16 cm. 7aHistoria universal2embne aES-MaACLjD-2764-65 z-- Enc. pasta española